| 000 | 00456nam a22001577a 4500 | ||
|---|---|---|---|
| 003 | macl | ||
| 005 | 20190302132505.0 | ||
| 008 | 190302b xxu||||| |||| 00| 0 eng d | ||
| 040 | _cmacl | ||
| 082 | _a303 | ||
| 100 |
_aजैदी एस हुसैनी _973777 |
||
| 245 | _aब्लैक फ्राइडे | ||
| 260 |
_aदिल्ली _bपेंगुइन _c2008 |
||
| 650 |
_aआतंकवाद _936732 |
||
| 942 |
_2ddc _cHIN |
||
| 999 |
_c58977 _d58977 |
||